|
|
|
|
| LEADER |
00000naa2a2200000 4500 |
| 001 |
104711 |
| 005 |
20250917071649.0 |
| 035 |
|
|
|a (RuTPU)RU\TPU\book\112909
|
| 090 |
|
|
|a 104711
|
| 100 |
|
|
|a 20061103d2003 k y0rusy50 ca
|
| 101 |
0 |
|
|a rus
|
| 102 |
|
|
|a RU
|
| 200 |
1 |
|
|a Медленная релаксация систем металл-водород
|f И. П. Чернов [и др.]
|
| 320 |
|
|
|a Библиогр.: 6 назв.
|
| 461 |
|
1 |
|0 (RuTPU)RU\TPU\book\59912
|t Взаимодействие ионов с поверхностью. ВИП-2003
|o Материалы XVI Международной конференции, 25-29 августа 2003 г., Звенигород
|o В 2 т.
|f Научные советы РАН по физике плазмы и физической электронике; Московский авиационный институт
|d 2003-
|
| 463 |
|
1 |
|0 (RuTPU)RU\TPU\book\57877
|t Т. 2
|v С. 52-55
|d 2003
|p 448 с.
|
| 610 |
1 |
|
|a релаксация
|
| 610 |
1 |
|
|a системы металл-водород
|
| 610 |
1 |
|
|a изотопный состав
|
| 610 |
1 |
|
|a тонкоплёночные системы
|
| 610 |
1 |
|
|a труды учёных ТПУ
|
| 701 |
|
1 |
|a Чернов
|b И. П.
|c физик
|c профессор Томского политехнического университета, доктор физико-математических наук
|f 1935-2025
|g Иван Петрович
|x TPU
|y Томск
|3 (RuTPU)RU\TPU\pers\12909
|9 3694
|
| 701 |
|
1 |
|a Никитенко
|b Н. Н.
|
| 701 |
|
1 |
|a Тюрин
|b Ю. И.
|c физик
|c профессор Томского политехнического университета, доктор физико-математических наук
|f 1950-
|g Юрий Иванович
|3 (RuTPU)RU\TPU\pers\19873
|9 7810
|
| 701 |
|
1 |
|a Семенов
|b А. М.
|
| 701 |
|
1 |
|a Крёнинг
|b Х. М. В. А.
|c немецкий специалист в области неразрушающего контроля
|c ведущий научный сотрудник Томского политехнического университета
|f 1944-
|g Ханс Михаэль Вильхельм (Вильгельм) Адольф
|3 (RuTPU)RU\TPU\pers\36262
|
| 701 |
|
1 |
|a Баумбах
|b Х.
|
| 801 |
|
1 |
|a RU
|b 63413507
|c 20061103
|g PSBO
|
| 801 |
|
2 |
|a RU
|b 63413507
|c 20191022
|g RCR
|
| 942 |
|
|
|c BK
|